| 000 | 00958 a2200205 4500 | ||
|---|---|---|---|
| 005 | 2008090909469.0 | ||
| 008 | 080909t xxu||||| |||| 00| 0 hin d | ||
| 010 | _aHIN-79265 | ||
| 020 |
_a8186398511 _c600.00 |
||
| 035 | _aHN-51611 | ||
| 037 | _bD.B.Act / pub | ||
| 082 | _a310 | ||
| 100 | _aराठौड़, अजयसिंह | ||
| 245 |
_aसमाजशास्त्रीय सांख्यिकी _cअजयसिंह राठौड़ |
||
| 260 |
_aजयपुर _bरिसर्च पब्लिकेशन्स _c2005 |
||
| 270 |
_a89,त्रिपोलिया बाजार _bजयपुर _k0141-318415 |
||
| 300 |
_a462पृ _c24सेमी (सजिल्द) |
||
| 942 |
_adpl _cHN _k310 / राठौड़ _2ddc _h310 _mराठौड़ |
||
| 999 |
_c1456 _d1456 |
||